| 000 | 00943nas a2200301 4500 | ||
|---|---|---|---|
| 001 | BR0105400 | ||
| 003 | BR-BrBNA | ||
| 005 | 20231205102608.0 | ||
| 007 | ta | ||
| 008 | 230509b bl.|||p| |||| 00| 00por d | ||
| 040 |
_aBR-BrBNA _bpor _cBiblioteca Nacional de Agricultura |
||
| 041 | _a(Pt) | ||
| 072 | _aF08 | ||
| 100 | 1 | _aBortolini, C.G. | |
| 100 | 1 | _aSilva, P.R.F. | |
| 100 | 1 | _aArgenta, G. | |
| 245 | 1 | _aSistemas consorciados de aveia preta e ervilhaca comum como cobertura de solo e seus efeitos na cultura do milho em sucessao | |
| 650 | _aMilho | ||
| 650 | _aAveia Forrageira | ||
| 650 | _aErvilhaca | ||
| 650 | _aCultivo Intercalado | ||
| 650 | _aCobertura do Solo | ||
| 650 | _aProdutividade | ||
| 650 | _aNitrogenio | ||
| 773 | 0 |
_tRevista Brasileira de Ciencia do Solo (Brazil) _xISSN 0100-0683 _g(Oct-Dec 2000), v. 24(4) p. 897-903 _wBR0105400 |
|
| 909 |
_a202311 _bLúcia _c55 _dLúcia Elande |
||
| 942 |
_2AGRIS _n0 _cANA |
||
| 999 |
_c168349 _d168349 |
||